| 000 | 00748cab a2200217 4500 | ||
|---|---|---|---|
| 001 | WB2902-02 | ||
| 008 | 090401t1993 xxu||||| |||| 00| 0 eng d | ||
| 035 | _a(Sirsi) u25348 | ||
| 041 | _aeng | ||
| 245 | _aAlarm at PSA privatisation cost | ||
| 260 | _c1993 | ||
| 350 | _a0 | ||
| 490 |
_aBuilding _v258(7777) 15 January 1993, 5(1) |
||
| 520 | _aTreasury officials are attempting to block the proposed sale of PSA Building Management, its repair and maintenance arm, because of fears that the cost of privatisation could run into hundreds of millions of pounds. | ||
| 650 | _aPRIVATISATION | ||
| 650 | _aPROPERTY SERVICES AGENCY | ||
| 650 | _aPSA BUILDING MANAGEMENT | ||
| 690 | _aBUILT ENVIRONMENT | ||
| 942 | _n0 | ||
| 948 | _c04/03/1997 | ||
| 999 |
_c17016 _d17016 |
||